LEADER 01049nam0 2200313 450 001 000015134 005 20190107134350.0 010 $a88-14-00636-9 100 $a20080801d1985----km-y0itay50------ba 101 0 $aita 102 $aIT 105 $ay-------001yy 200 1 $a<>bilancio nell'economia pubblica$fF. Forte 210 $aMilano$cGiuffrè$dc1985 215 $a2 v.$d24 cm 225 2 $aTrattato di economia pubblica$v4 327 1 $a1: Teoria generale del bilancio pubblico$a2.: Stato, Parastato, Enti pubblici, Enti Locali, Regioni, CEE 410 0$12001$aTrattato di economia pubblica 610 1 $aBilancio pubblico 676 $a351.722$v19 700 1$aForte,$bFrancesco$03301 801 0$aIT$bUNIPARTHENOPE$c20080801$gRICA$2UNIMARC 912 $a000015134 951 $a351.722/105[1]$b27979(I)$cNAVA4$d2008 951 $a351.722/105[2]$b27979(II)$cNAVA4$d2008 951 $a321/127$b208$cNAVA2$d2008 951 $a321/128$b208$cNAVA2$d2008 996 $aBilancio nell'economia pubblica$9748857 997 $aUNIPARTHENOPE LEADER 01027cam0-2200325 --450 001 9910356858203321 005 20191219112205.0 010 $a0201503956 010 $a0201515601 100 $a20191219d1991----km y0itay50 ba 101 0 $aeng 102 $aUS 105 $ay 001yy 200 1 $aIntroduction to the theory of neural computation$fJohn Hertz, Anders Krogh, Richard G. Palmer 210 $aRedwood City, California [etc.]$cAddison-Wesley$dc1991 215 $aXXII, 327 p.$d23 cm 225 1 $aSanta Fe institute studies in the science of complexity$iLecture notes$v1 610 0 $aReti neurali 676 $a006.3$v20 676 $a006.32$v20 700 1$aHertz,$bJohn$062767 701 1$aKrogh,$bAnders$062768 701 1$aPalmer,$bRichard G.$062769 801 0$aIT$bUNINA$gREICAT$2UNIMARC 901 $aBK 912 $a9910356858203321 952 $aA4/82$b1702$fDINTR 959 $aDINTR 996 $aIntroduction to the theory of neural computation$9374058 997 $aUNINA